Nili mystici ex paradiso voluptatis, verbi divini, septemplici alveo defluentis, et totidem effusionibus pretiosi sanguinis D.N jesu christi sacri auctarium primum, sive annus octavus, concionum in omnes Dominicas & festa per annum, additis doudecim favis, de dulci memoria jesu crucifixi, sive totidem exhortationibus ad sodales christi in cruce agonizantis (Record no. 8218)
[ view plain ]
| 000 -CABECERA | |
|---|---|
| campo de control de longitud fija | 01709nam a2200325 a 4500 |
| 001 - NÚMERO DE CONTROL | |
| campo de control | BRCA_8555 |
| 005 - FECHA Y HORA DE LA ÚLTIMA TRANSACCIÓN | |
| campo de control | 20190320210329.0 |
| 008 - DATOS DE LONGITUD FIJA--INFORMACIÓN GENERAL | |
| campo de control de longitud fija | 170816s1673----it-#######---#000-0#lat-# |
| 041 ## - CÓDIGO DE LENGUA | |
| Código de lengua del texto/banda sonora o título independiente | lat |
| 044 ## - CÓDIGO DEL PAÍS DE LA ENTIDAD EDITORA/PRODUCTORA | |
| Código MARC del país | it |
| 050 #4 - SIGNATURA TOPOGRÁFICA DE LA BIBLIOTECA DEL CONGRESO | |
| Número de clasificación | BV5070 |
| Número de documento/Ítem | .K57 |
| -- | 1673 |
| 100 1# - ENTRADA PRINCIPAL--NOMBRE DE PERSONA | |
| Nombre de persona | Kiselio, Philippo |
| 9 (RLIN) | 21435 |
| 245 10 - MENCIÓN DE TÍTULO | |
| Título | Nili mystici ex paradiso voluptatis, verbi divini, septemplici alveo defluentis, et totidem effusionibus pretiosi sanguinis D.N jesu christi sacri auctarium primum, sive annus octavus, concionum in omnes Dominicas & festa per annum, additis doudecim favis, de dulci memoria jesu crucifixi, sive totidem exhortationibus ad sodales christi in cruce agonizantis |
| Mención de responsabilidad, etc. | Philippo Kiselio. |
| 260 ## - PUBLICACIÓN, DISTRIBUCIÓN, ETC. | |
| Lugar de publicación, distribución, etc. | Bambergae |
| Nombre del editor, distribuidor, etc. | Joannis Arnorldi Choli |
| Fecha de publicación, distribución, etc. | 1673 |
| 300 ## - DESCRIPCIÓN FÍSICA | |
| Extensión | 1 vol. (con varias paginaciones) |
| Dimensiones | 21 cm |
| 500 ## - NOTA GENERAL | |
| Nota general | Fondo antiguo |
| 500 ## - NOTA GENERAL | |
| Nota general | Se encuentra en Caja Fuerte |
| 500 ## - NOTA GENERAL | |
| Nota general | W-36 |
| 500 ## - NOTA GENERAL | |
| Nota general | Grabado en la dedicatoria al revenrendissimo, et pirilvsiri dominio D. Georigio Henrico |
| 500 ## - NOTA GENERAL | |
| Nota general | Incluye índice |
| 500 ## - NOTA GENERAL | |
| Nota general | Incluye prefacio |
| 500 ## - NOTA GENERAL | |
| Nota general | Estado físico: Portada y página de la dedicatoria rotas |
| 500 ## - NOTA GENERAL | |
| Nota general | Nota de encuadernación: en madera, desgaste en lomo |
| 505 0# - NOTA DE CONTENIDO CON FORMATO | |
| Nota de contenido con formato | Auctarii nilimystici, sive concionum in omnes dominicas a pentecoste usque ad adventum pars II, III, IV.-- Favus distillans, sive jusu crucifixi in cruce morientis agonia amarissimaq ejus passionis, año 1673.-- Liber vitae pretioso jesucrucifixi sanguine descriptus, año 1674 |
| 506 0# - NOTA DE RESTRICCIONES AL ACCESO | |
| Limitaciones de acceso | Fondo reservado: para su consulta es necesario credencial de usuario y carta de motivos |
| 650 14 - PUNTO DE ACCESO ADICIONAL DE MATERIA--TÉRMINO DE MATERIA | |
| Término de materia o nombre geográfico como elemento de entrada | Orden jesuita |
| Término indicativo de función/relación | Literatura |
| 9 (RLIN) | 21436 |
| 650 14 - PUNTO DE ACCESO ADICIONAL DE MATERIA--TÉRMINO DE MATERIA | |
| Término de materia o nombre geográfico como elemento de entrada | Misticismo |
| 9 (RLIN) | 17692 |
| 902 ## - CATALOGADOR | |
| Iniciales | LAR |
| 942 ## - ELEMENTOS DE PUNTO DE ACCESO ADICIONAL (KOHA) | |
| Fuente del sistema de clasificación o colocación | Library of Congress Classification |
| Tipo de ítem Koha | Libros |
| Estado de retiro | Estado de pérdida | Estado dañado | No para préstamo | Localización permanente | Ubicación/localización actual | Fecha de adquisición | Número de inventario | Total de préstamos | Signatura topográfica completa | Código de barras | Fecha visto por última vez | Precio válido a partir de | Tipo de ítem Koha |
|---|---|---|---|---|---|---|---|---|---|---|---|---|---|
| El ejemplar forma parte de la colección y puede ser consultado según las políticas vigentes. | Biblioteca del Museo Franz Mayer (Rogerio Casas-Alatriste) | Biblioteca del Museo Franz Mayer (Rogerio Casas-Alatriste) | 17/08/2016 | W-36 | BV5070 .K57 1673 (W-36) | LAR00058 | 22/03/2019 | 22/03/2019 | Libros |